| 000 | 01057 a2200241 4500 | ||
|---|---|---|---|
| 005 | 20080915171838.0 | ||
| 008 | 080915t xxu||||| |||| 00| 0 hin d | ||
| 010 | _aHIN-80866 | ||
| 020 | _c125.00 | ||
| 035 | _aHN-53212 | ||
| 037 | _bD.B.Act / pub | ||
| 082 | _a821 | ||
| 100 | _aसिन्हा, माया | ||
| 245 |
_aअंतराल _cमाया सिन्हा |
||
| 246 |
_aAntraal _bby Maya Sinha |
||
| 260 |
_aपटना _bइम्प्रेशन पब्लिकेशन _c2004 |
||
| 300 |
_a121पृ _c22 सेमी (सजिल्द) |
||
| 650 | _aहिन्दी कविताएँ | ||
| 650 | _aHindi Pomes | ||
| 270 |
_aसालिमपुर अहरा बॉलिया, कदमकुआँ _bपटना _e80003 |
||
| 942 |
_adpl _cHN _k821 / सिन्हामा _2ddc _h821 _mसिन्हामा |
||
| 999 |
_c7303 _d7303 |
||